000 00912nas a2200313 4500
001 BR0403518
003 BR-BrBNA
005 20231205104704.0
007 ta
008 230509b bl.|||p| |||| 00| 00por d
040 _aBR-BrBNA
_bpor
_cBiblioteca Nacional de Agricultura
041 _a(Pt)
072 _aP35
100 1 _aMatallo, M.B.
100 1 _aLuchini, L.C.
100 1 _aGomes, M.A.F.
100 1 _aSpadotto, C.A.
100 1 _aCerdeira, A.L.
100 1 _aMarin, G.C.
245 1 _aLixiviação dos herbicidas tebutiuron e diuron em colunas de solo
650 _aHERBICIDA
650 _aSOLO
650 _aLIXIVIAÇÃO
650 _aEFEITO RESIDUAL
650 _aLISIMETRO
773 0 _tPesticidas. Revista de Ecotoxicologia e Meio Ambiente (Brazil)
_xISSN 0103-7277
_g(Jan-Dec 2003), v. 13 p. 83-90
_wBR0403518
909 _a202311
_bLúcia
_c55
_dLúcia Elande
942 _2AGRIS
_n0
_cANA
999 _c179283
_d179283